Teoría general del entrenamiento deportivo olímpico
Enregistré dans:
| Auteur principal: | |
|---|---|
| Format: | Livre |
| Langue: | espagnol |
| Publié: |
Barcelona
Paidotribo
2001
|
| Sujets: | |
| Tags: |
Ajouter un tag
Pas de tags, Soyez le premier à ajouter un tag!
|
MARC
| LEADER | 00000nam a2200000 a 4500 | ||
|---|---|---|---|
| 001 | UCM1443 | ||
| 003 | CL-VaPUC | ||
| 008 | 020404e20010000SP |||||||||||||||||spa|d | ||
| 082 | 0 | 4 | |a 796.48 |b PLA |2 21 |
| 100 | |a Platonov, Vladimir Nikolaievich |e autor |9 430552 | ||
| 245 | 1 | 0 | |a Teoría general del entrenamiento deportivo olímpico |
| 300 | |a 686 p | ||
| 942 | |c BK | ||
| 945 | |d 20020404 00:00:00 |a vberengu | ||
| 260 | |a Barcelona |b Paidotribo |c 2001 | ||
| 650 | 0 | |a Juegos Olímpicos |9 341523 | |
| 650 | 7 | |a ENTRENAMIENTO ATLETICO |2 CL-VaPUC |9 468406 | |
| 650 | 0 | |a Educación física |9 240893 | |
| 650 | 0 | |a Métodos de enseñanza |9 270413 | |
| 650 | 0 | |a Deportes |9 224367 | |
| 583 | |a last modification |c 20020404 00:00:00 |k Rodrigo Vera | ||
| 999 | |c 299901 |d 299899 | ||
| 952 | |0 0 |1 0 |4 0 |6 796_480000000000000_PLA_2001 |7 0 |8 A |9 356941 |a BIBEDU |b BIBEDU |d 2019-11-21 |i 3805166 |o 796.48 PLA 2001 |p 3805166 |r 2019-11-21 |w 2019-11-21 |y BK |k EFI | ||